00804na a2200241 450000100060000000300080000600500170001400800410003102000180007203500100009004000250010004100080012508200210013310000220015424502200017626000400039630000180043665000210045465000290047570000180050470000220052270000180054413028MIRAKIL20181213154909.0161010b tu 000 0  a9786055832162 a13028 aMilasbturcTR-AnCHP atur a304.809561bY94t aYükseker, Deniz aTürkiye'de yerinden edilme sorununa kalıcı bir çözüm mümkün mü? Van Eylem Planı'nın değerlendirmesicDeniz Yükseker, Dilek Kurban ; Yayına Hazırlayan Serkan Yolaçan ; Çeviren Alev Özsoy aİstanbulbTesev Yayınlarıc2009 a32 s.c29 sm. aVan Eylem Planı aGöç HareketlerixVan aÖzsoy, Alev aYolaçan, Serkan aKurban, Dilek